Missing Word: Los Angeles A-Z Quiz Stats

 Plays Quiz Updated Dec 9, 2015

Challenge
Share
Tweet
Embed
Score 0/24 Timer 03:00
0 Plays Today
Hint Answer % Correct
City of _____ - One of the city's nicknames Angels
98.6%
Sunset _____ - Famous street in western part of L.A. CountyBoulevard
96.7%
Los Angeles _____ - NBA TeamLakers
93.8%
Summer _____ Games - Held in 1932 and 1984Olympic
92.1%
Hollywood _____ of Fame - Street of the StarsWalk
91.9%
_____ of California, Los Angeles - institution of higher education and researchUniversity
89.1%
Los Angeles _____ - MLB TeamDodgers
87.7%
Rodney _____ riots - Violent events of 1992King
87.5%
Little _____ - Japanese American district in downtownTokyo
77.1%
_____ Studios - Major film studioParamount
66.6%
_____ Drive - Street and David Lynch movieMulholland
64.8%
_____ Center - Sports arenaStaples
61.6%
Hint Answer % Correct
_____ Gloom - Southern California weather phenomenonJune
49.2%
The _____ of Angels Foundation - Catholic foundationQueen
44.6%
Treaty of Guadalupe _____ - Gave the US ownership of CaliforniaHidalgo
36.5%
______ Observatory - Historic-Cultural MonumentGriffith
27.4%
USS _____ (BB-61) - WW II timed battleshipIowa
27.1%
_____ Park - One of the densely populated neighborhoods Echo
22.4%
_____ Beach - One of the largest and most popular beachesZuma
19.2%
_____ Theatre - Famous nightclub on the Sunset StripRoxy
18.4%
_____ Thomas Bridge - Suspension bridgeVincent
14.4%
Autry _____ Center - Western and American Indian museumNational
7.6%
_____ People - Native American people and area's early settlersChumash
6.1%
_____ de Neve - Spanish governor and city founder Felipe
5.5%

Today's Daily Dose

You're not logged in!

Compare scores with friends on all Sporcle quizzes.
Join for Free
OR
Log In

You Might Also Like...

Show Comments

Extras

Top Quizzes Today


Score Distribution

Your Account Isn't Verified!

In order to create a playlist on Sporcle, you need to verify the email address you used during registration. Go to your Sporcle Settings to finish the process.

Report this User

Report this user for behavior that violates our Community Guidelines.

Details: